| 000 | 01735cam a2200349 a 4500 | ||
|---|---|---|---|
| 001 | 15527864 | ||
| 005 | 20090821144708.0 | ||
| 008 | 081119s2009 enk | b 001 0 eng d | ||
| 010 | _a2008049986 | ||
| 015 |
_aGBA930381 _2bnb |
||
| 016 | 7 |
_a014937412 _2Uk |
|
| 020 | _a9780521519359 (hardback) | ||
| 020 | _a9780521737432 (pbk.) | ||
| 035 | _a(OCoLC)ocn276274650 | ||
| 040 |
_aDLC _cDLC _dBTCTA _dYDXCP _dUKM _dYDX _dC#P _dCDX _dBWX _dBWK _dDLC |
||
| 050 | 0 | 0 |
_aBP182 _b.G4 2009 |
| 082 | 0 | 0 |
_a322.42088297 _222 _bGER |
| 100 | 1 |
_aGerges, Fawaz A., _d1958- _915527 |
|
| 245 | 1 | 4 |
_aThe Far Enemy : _bWhy Jihad Went Global / _cFawaz A. Gerges. |
| 250 | _a2nd ed. | ||
| 260 |
_aCambridge : _bCambridge University Press, _c2009. |
||
| 300 |
_axiii, 386 p. ; _c24 cm. |
||
| 504 | _aIncludes bibliographical references (p. 327-368) and index. | ||
| 505 | 0 | _aThe road to September 11 and after -- Religious nationalists and the near enemy -- The Afghan war: sowing the seeds of transnational Jihad -- The rise of transnationalist Jihadis and the far enemy -- Splitting up of Jihadis -- The aftermath: the war within -- The Iraq war: planting the seeds of Al Qaeda's second generation? -- Beyond the far enemy. | |
| 541 | _aBacca ; | ||
| 650 | 0 |
_aJihad. _915528 |
|
| 650 | 0 |
_aWar _xReligious aspects _xIslam. _915529 |
|
| 650 | 0 |
_aIslam and world politics. _915530 |
|
| 942 |
_2ddc _cBB |
||
| 999 |
_c14302 _d14302 |
||